[Event "FIDE Online Olympiad Div 2 Pool A 2020"]
[Site "Online"]
[Date "2020.08.15"]
[Round "5"]
[White "Sezdbekova, Aizhan"]
[Black "Muetsch, Annmarie"]
[Result "0-1"]
[WhiteElo "1806"]
[BlackElo "2354"]
[Annotator "broadcasts"]
[PlyCount "68"]
[EventDate "2020.08.14"]
[EventType "team-tourn"]
[TimeControl "900+5"]

1. e4 {[%emt 0:00:05]} c5 {[%emt 0:00:05]} 2. Nf3 {[%emt 0:00:15]} Nc6 {[%emt 0:00:02]} 3. c3 {[%emt 0:00:04]} Nf6 {[%emt 0:00:05]} 4. Bd3 {[%emt 0:00:31]} d6 {[%emt 0:00:14]} 5. Bc2 {[%emt 0:00:07]} g6 {[%emt 0:00:19]} 6. d4 {[%emt 0:00:15]} cxd4 {[%emt 0:00:04]} 7. cxd4 {[%emt 0:00:03]} Bg7 {[%emt 0:00:24]} 8. Nc3 {[%emt 0:00:06]} O-O {[%emt 0:00:11]} 9. Bg5 {[%emt 0:00:18]} h6 {[%emt 0:00:11]} 10. Be3 {[%emt 0:00:08]} b6 {[%emt 0:00:29]} 11. h3 {[%emt 0:00:18]} Ba6 {[%emt 0:00:21]} 12. a3 {[%emt 0:00:20]} Na5 {[%emt 0:00:33]} 13. b4 {[%emt 0:00:25]} Nc4 {[%emt 0:00:05]} 14. Bf4 {[%emt 0:00:06]} Rc8 {[%emt 0:00:25]} 15. b5 {[%emt 0:00:24]} Bb7 {[%emt 0:00:22]} 16. O-O {[%emt 0:00:35]} Na5 {[%emt 0:00:53]} 17. Qd2 {[%emt 0:00:16]} Qc7 {[%emt 0:02:15]} 18. e5 {[%emt 0:02:46]} dxe5 {[%emt 0:02:15]} 19. dxe5 {[%emt 0:00:20]} Nh5 {[%emt 0:00:39]} 20. Bxh6 {[%emt 0:02:18]} Qxc3 {[%emt 0:00:19]} 21. Rac1 {[%emt 0:00:24]} Qxd2 {[%emt 0:00:10]} 22. Bxd2 {[%emt 0:00:13]} Bxf3 {[%emt 0:00:05]} 23. gxf3 {[%emt 0:00:06]} Bxe5 {[%emt 0:00:12]} 24. Be4 {[%emt 0:00:16]} Rxc1 {[%emt 0:00:17]} 25. Rxc1 {[%emt 0:00:07]} Nb3 {[%emt 0:00:06]} 26. Rc2 {[%emt 0:00:09]} Rd8 {[%emt 0:00:44]} 27. Be1 {[%emt 0:00:21]} Nf4 {[%emt 0:00:27]} 28. h4 {[%emt 0:00:29]} Nc5 {[%emt 0:00:11]} 29. Kf1 {[%emt 0:00:22]} Nxe4 {[%emt 0:00:09]} 30. fxe4 {[%emt 0:00:05]} Rd1 {[%emt 0:00:02]} 31. Rc8+ {[%emt 0:00:20]} Kg7 {[%emt 0:00:08]} 32. Ra8 {[%emt 0:00:04]} Bc3 {[%emt 0:00:07]} 33. f3 {[%emt 0:00:14]} Bxe1 {[%emt 0:00:03]} 34. Rxa7 {[%emt 0:00:05]} Bxh4# {[%emt 0:00:04]} 0-1

[Event "FIDE Online Olympiad Div 2 Pool A 2020"]
[Site "Online"]
[Date "2020.08.15"]
[Round "5"]
[White "Mairambekova, Aiperi"]
[Black "Osmanodja, Filiz"]
[Result "0-1"]
[WhiteElo "1014"]
[BlackElo "2094"]
[Annotator "broadcasts"]
[PlyCount "66"]
[EventDate "2020.08.14"]
[EventType "team-tourn"]
[TimeControl "900+5"]

1. d4 {[%emt 0:00:05]} Nf6 {[%emt 0:00:02]} 2. c4 {[%emt 0:00:02]} e6 {[%emt 0:00:01]} 3. Nf3 {[%emt 0:00:02]} Bb4+ {[%emt 0:00:01]} 4. Bd2 {[%emt 0:00:05]} a5 {[%emt 0:00:05]} 5. g3 {[%emt 0:00:06]} O-O {[%emt 0:00:03]} 6. Bg2 {[%emt 0:00:02]} d5 {[%emt 0:00:01]} 7. c5 {[%emt 0:00:05]} Ne4 {[%emt 0:00:32]} 8. O-O {[%emt 0:00:13]} Nc6 {[%emt 0:01:02]} 9. a3 {[%emt 0:00:32]} Bxd2 {[%emt 0:00:04]} 10. Nbxd2 {[%emt 0:00:00]} f5 {[%emt 0:00:11]} 11. e3 {[%emt 0:01:40]} b6 {[%emt 0:00:17]} 12. cxb6 {[%emt 0:00:08]} cxb6 {[%emt 0:00:00]} 13. Rc1 {[%emt 0:00:01]} Bb7 {[%emt 0:00:33]} 14. Ne5 {[%emt 0:00:36]} Nxe5 {[%emt 0:00:12]} 15. dxe5 {[%emt 0:00:00]} Nc5 {[%emt 0:00:48]} 16. Nb3 {[%emt 0:00:41]} Ba6 {[%emt 0:00:25]} 17. Nxc5 {[%emt 0:00:14]} bxc5 {[%emt 0:00:01]} 18. Re1 {[%emt 0:00:02]} Qe7 {[%emt 0:00:52]} 19. Qa4 {[%emt 0:00:50]} Qc7 {[%emt 0:01:29]} 20. Rc2 {[%emt 0:00:39]} Bd3 {[%emt 0:00:24]} 21. Rc3 {[%emt 0:00:04]} c4 {[%emt 0:00:08]} 22. f4 {[%emt 0:00:24]} Qb6 {[%emt 0:00:53]} 23. b3 {[%emt 0:00:33]} d4 {[%emt 0:00:30]} 24. Rxd3 {[%emt 0:01:01]} cxd3 {[%emt 0:00:09]} 25. Bxa8 {[%emt 0:00:02]} dxe3 {[%emt 0:00:57]} 26. Qc6 {[%emt 0:02:50]} d2 {[%emt 0:01:01]} 27. Kf1 {[%emt 0:00:41]} dxe1=Q+ {[%emt 0:00:21]} 28. Kxe1 {[%emt 0:00:00]} Qxb3 {[%emt 0:00:07]} 29. Ke2 {[%emt 0:00:44]} Rd8 {[%emt 0:00:11]} 30. Qc1 {[%emt 0:00:40]} Rd2+ {[%emt 0:00:41]} 31. Ke1 {[%emt 0:00:02]} Rc2 {[%emt 0:00:07]} 32. Qd1 {[%emt 0:00:16]} Qc3+ {[%emt 0:00:03]} 33. Kf1 {[%emt 0:00:10]} Rc1 {[%emt 0:00:03]} 0-1

[Event "FIDE Online Olympiad Div 2 Pool A 2020"]
[Site "Online"]
[Date "2020.08.15"]
[Round "6"]
[White "Wagner, Dennis"]
[Black "Kovalev, Vladislav"]
[Result "1/2-1/2"]
[WhiteElo "2236"]
[BlackElo "2604"]
[Annotator "TA"]
[PlyCount "79"]
[EventDate "2020.08.14"]
[EventType "team-tourn"]

{[%evp 9,79,21,45,20,24,28,22,17,10,19,29,17,18,23,27,23,16,22,23,0,84,33,37,6,19,0,0,-45,0,0,0,0,0,0,0,0,0,23,5,8,15,-18,-13,-50,-50,-50,0,0,110,118,125,112,111,103,101,92,92,92,92,92,92,92,92,92,90,0,77,0,56,0,56,0]} 1. d4 Nf6 2. c4 e6 3. Nc3 Bb4 4. Qc2 b6 5. e4 c5 6. d5 {E32: Nimzo-Indian: Classical (4 Qc2): 4...0-0.} Qe7 7. Nge2 exd5 8. exd5 {The position is equal.} d6 9. Bf4 Ne4 10. f3 Nxc3 $1 11. bxc3 Ba5 {[#]} 12. Kf2 $146 ({Predecessor:} 12. O-O-O O-O 13. Ng3 f5 14. Bd3 Qf6 15. Bd2 b5 16. Rde1 Na6 17. Nh5 Qf7 18. Nf4 {½-½ (29) Bartholomew,J (2448)-Baron,T (2544) London 2015}) 12... Nd7 13. Ng3 Ne5 14. Re1 Bd7 (14... O-O $11) 15. Ne4 (15. Bd3 $16) 15... f6 $14 16. h4 O-O 17. Re3 Rae8 18. h5 {[#]} f5 (18... b5 $1 $15 {[%mdl 512]}) 19. Nd2 $1 $11 Qf6 20. Nb3 g5 21. hxg6 $1 Nxg6 22. Rxe8 Rxe8 23. Bd2 f4 24. Nxa5 bxa5 25. Bd3 Qg5 {aiming for ...Nh4.} 26. Kf1 (26. Bxg6 $5 hxg6 27. Qd1 $15) 26... Nh4 $1 {[%csl Gh4][%cal Rg5g2]} 27. Bxh7+ Kf8 {[%csl Gh4][%cal Rg5g2]} 28. Bc1 Nxg2 (28... Re7 $11 29. Be4 Nf5) 29. Be4 $16 ({Not} 29. Qxg2 $2 Re1+ 30. Kxe1 (30. Kf2 $2 Re2+ {[%mdl 64] Skewer, Deflection} 31. Kxe2 Qxg2+ 32. Kd3 Qxh1 $19 {[%mdl 64] Double Attack}) 30... Qxg2 $19) 29... Ne3+ 30. Bxe3 $1 fxe3 {[#]} 31. Qh2 $1 {[%cal Rh2d6]} Ke7 32. Qh4 Rg8 33. Ke2 Qxh4 34. Rxh4 {[%mdl 4096] Endgame KRB-KRB} Rg2+ 35. Kxe3 Rxa2 36. Rh7+ Kd8 37. Rh8+ (37. f4 $16) 37... Ke7 (37... Kc7 $1 $11) 38. Rh7+ Kd8 39. Rh8+ (39. f4 $14) 39... Ke7 ({Better is} 39... Kc7 $11) 40. Rh7+ {Accuracy: White = 72%, Black = 77%.} (40. Ra8 $14) 1/2-1/2

[Event "FIDE Online Olympiad Div 2 Pool A 2020"]
[Site "Online"]
[Date "2020.08.15"]
[Round "6"]
[White "Schulze, Lara"]
[Black "Badelka, Olga"]
[Result "1-0"]
[WhiteElo "2213"]
[BlackElo "2085"]
[Annotator "broadcasts RC"]
[PlyCount "137"]
[EventDate "2020.08.14"]
[EventType "team-tourn"]
[TimeControl "900+5"]

1. e4 {[%emt 0:00:04]} c5 {[%emt 0:00:02]} 2. Nf3 {[%emt 0:00:03]} Nc6 {[%emt 0:00:01]} 3. Bb5 {[%emt 0:00:03]} e6 {[%emt 0:00:06]} 4. O-O {[%emt 0:00:15]} Nge7 {[%emt 0:00:05]} 5. Re1 {[%emt 0:00:02]} Nd4 {[%emt 0:00:02]} 6. Nxd4 {[%emt 0:00:03]} cxd4 {[%emt 0:00:01]} 7. c3 {[%emt 0:00:01]} a6 {[%emt 0:00:03]} 8. Bf1 {[%emt 0:01:27]} Nc6 {[%emt 0:00:07]} 9. b4 {[%emt 0:00:04]} Be7 {[%emt 0:00:31]} 10. a4 {[%emt 0:00:38]} O-O {[%emt 0:00:09]} 11. Na3 {[%emt 0:00:29]} dxc3 {[%emt 0:00:26]} 12. dxc3 {[%emt 0:00:04]} Bf6 {[%emt 0:00:47]} 13. Qb3 {[%emt 0:00:32]} d5 {[%emt 0:00:40]} 14. Be3 {[%emt 0:04:22]} Qc7 {[%emt 0:05:59]} 15. Rac1 {[%emt 0:00:08]} dxe4 {[%emt 0:00:21]} 16. Bc5 {[%emt 0:02:30]} Be7 {[%emt 0:00:02]} 17. Rxe4 {[%emt 0:00:43]} Na5 {[%emt 0:00:50]} 18. Qd1 {[%emt 0:02:11]} Bxc5 {[%emt 0:00:10]} 19. bxc5 {[%emt 0:00:01]} Qxc5 {[%emt 0:00:25]} 20. Nc4 {[%emt 0:00:02]} Nxc4 {[%emt 0:00:49]} 21. Rxc4 {[%emt 0:00:03]} Qg5 {[%emt 0:00:13]} 22. Rb1 {[%emt 0:01:01]} e5 {[%emt 0:00:31]} 23. Rc7 {[%emt 0:00:17]} Bg4 {[%emt 0:00:39]} 24. Qd5 {[%emt 0:00:38]} Be6 {[%emt 0:02:48]} 25. Qxb7 {[%emt 0:00:14]} a5 {[%emt 0:00:06]} 26. Bc4 {[%emt 0:00:52]} Bxc4 {[%emt 0:00:22]} 27. Rxc4 {[%emt 0:00:00]} h5 {[%emt 0:00:01]} 28. Rc7 {[%emt 0:00:04]} h4 {[%emt 0:00:16]} 29. h3 {[%emt 0:00:02]} Rad8 {[%emt 0:00:35]} 30. Qe4 {[%emt 0:00:10]} Rd2 {[%emt 0:00:12]} 31. Rc4 {[%emt 0:00:13]} Rfd8 {[%emt 0:00:07]} 32. Qxh4 {[%emt 0:00:06]} Qxh4 {[%emt 0:00:05]} 33. Rxh4 {[%emt 0:00:00]} Rd1+ {[%emt 0:00:02]} 34. Rxd1 {[%emt 0:00:02]} Rxd1+ {[%emt 0:00:00]} 35. Kh2 {[%emt 0:00:00]} Ra1 {[%emt 0:00:06]} 36. Rc4 {[%emt 0:00:05]} f6 {[%emt 0:00:02]} 37. Kg3 {[%emt 0:00:01]} Kf7 {[%emt 0:00:04]} 38. Rc7+ {[%emt 0:00:17]} Kg6 {[%emt 0:00:02]} 39. Rc4 {[%emt 0:00:05]} Kf5 {[%emt 0:00:04]} 40. Kf3 {[%emt 0:00:02]} Ra2 {[%emt 0:00:04]} 41. h4 {[%emt 0:00:03]} Kg6 {[%emt 0:00:14]} 42. g4 {[%emt 0:00:04]} Kh6 {[%emt 0:00:05]} 43. Ke3 {[%emt 0:00:10]} Kg6 {[%emt 0:00:01]} 44. f3 {[%emt 0:00:03]} Ra1 {[%emt 0:00:04]} 45. Ke4 {[%emt 0:00:08]} Kf7 {[%emt 0:00:12]} 46. Kd5 {[%emt 0:00:03]} Rf1 {[%emt 0:00:03]} 47. Ke4 {[%emt 0:00:10]} Ra1 {[%emt 0:00:02]} 48. h5 {[%emt 0:00:02]} Ke6 {[%emt 0:00:02]} 49. Rc6+ {[%emt 0:00:03]} Kd7 {[%emt 0:00:02]} 50. Ra6 {[%emt 0:00:02]} Rxa4+ {[%emt 0:00:02]} 51. Kf5 {[%emt 0:00:00]} Rf4+ {[%emt 0:00:10]} 52. Kg6 {[%emt 0:00:02]} e4 {[%emt 0:00:01]} 53. fxe4 {[%emt 0:00:15]} Rxg4+ {[%emt 0:00:01]} 54. Kf7 {[%emt 0:00:03]} Rg5 {[%emt 0:00:06]} 55. h6 {[%emt 0:00:06]} gxh6 {[%emt 0:00:03]} 56. Kxf6 {[%emt 0:00:01]} Rc5 {[%emt 0:00:13]} 57. e5 {[%emt 0:00:11]} Rxc3 {[%emt 0:00:17]} 58. Ra7+ {[%emt 0:00:03]} Kd8 {[%emt 0:00:08]} 59. Rxa5 {[%emt 0:00:06]} Rf3+ {[%emt 0:00:02]} 60. Ke6 {[%emt 0:00:02]} h5 {[%emt 0:00:06]} 61. Ra8+ {[%emt 0:00:04]} Kc7 {[%emt 0:00:02]} 62. Rh8 {[%emt 0:00:02]} Ra3 {[%emt 0:00:07]} 63. Rxh5 {[%emt 0:00:07]} Ra6+ {[%emt 0:00:07]} 64. Ke7 {[%emt 0:00:01]} Ra7 {[%emt 0:00:09]} 65. Rh6 {[%emt 0:00:25]} Ra8 {[%emt 0:00:03]} 66. e6 {[%emt 0:00:04]} Kc6 {[%emt 0:00:05]} 67. Kf7 {[%emt 0:00:06]} Kd6 {[%emt 0:00:04]} 68. e7+ {[%emt 0:00:05]} Kd7 {[%emt 0:00:00]} 69. Rh1 {[%emt 0:00:03]} 1-0

[Event "FIDE Online Olympiad Div 2 Pool A 2020"]
[Site "Online"]
[Date "2020.08.15"]
[Round "6"]
[White "Engel, Luis"]
[Black "Nikitenko, Mihail"]
[Result "0-1"]
[WhiteElo "2071"]
[BlackElo "2297"]
[Annotator "broadcasts"]
[PlyCount "76"]
[EventDate "2020.08.14"]
[EventType "team-tourn"]
[TimeControl "900+5"]

1. e4 {[%emt 0:00:01]} e5 {[%emt 0:00:08]} 2. Nf3 {[%emt 0:00:02]} Nc6 {[%emt 0:00:01]} 3. Bb5 {[%emt 0:00:01]} a6 {[%emt 0:00:01]} 4. Ba4 {[%emt 0:00:01]} Nf6 {[%emt 0:00:02]} 5. d3 {[%emt 0:00:01]} b5 {[%emt 0:00:06]} 6. Bb3 {[%emt 0:00:02]} Be7 {[%emt 0:00:03]} 7. a4 {[%emt 0:00:01]} b4 {[%emt 0:00:03]} 8. Nbd2 {[%emt 0:00:02]} d6 {[%emt 0:00:16]} 9. Nc4 {[%emt 0:00:02]} h6 {[%emt 0:00:05]} 10. h3 {[%emt 0:00:09]} O-O {[%emt 0:00:02]} 11. O-O {[%emt 0:00:03]} Be6 {[%emt 0:00:12]} 12. Re1 {[%emt 0:00:04]} Nh7 {[%emt 0:02:01]} 13. d4 {[%emt 0:02:19]} exd4 {[%emt 0:01:03]} 14. Nxd4 {[%emt 0:00:00]} Nxd4 {[%emt 0:00:09]} 15. Qxd4 {[%emt 0:00:00]} Nf6 {[%emt 0:00:03]} 16. Bf4 {[%emt 0:00:56]} Nd7 {[%emt 0:00:24]} 17. Rad1 {[%emt 0:02:03]} Nc5 {[%emt 0:02:14]} 18. Qd2 {[%emt 0:03:15]} a5 {[%emt 0:02:19]} 19. Re3 {[%emt 0:00:20]} Bg5 {[%emt 0:00:38]} 20. Bxg5 {[%emt 0:00:17]} Qxg5 {[%emt 0:00:00]} 21. Qd4 {[%emt 0:00:14]} Bxc4 {[%emt 0:00:45]} 22. Qxc4 {[%emt 0:00:10]} Rae8 {[%emt 0:00:06]} 23. Rd5 {[%emt 0:00:13]} Re5 {[%emt 0:00:51]} 24. h4 {[%emt 0:00:41]} Qe7 {[%emt 0:00:09]} 25. g3 {[%emt 0:00:42]} c6 {[%emt 0:00:27]} 26. Rxe5 {[%emt 0:01:16]} Qxe5 {[%emt 0:00:35]} 27. c3 {[%emt 0:00:01]} bxc3 {[%emt 0:00:32]} 28. bxc3 {[%emt 0:00:02]} Nxb3 {[%emt 0:00:54]} 29. Qxb3 {[%emt 0:00:01]} Qc5 {[%emt 0:00:02]} 30. Rf3 {[%emt 0:00:16]} g6 {[%emt 0:00:57]} 31. Qd1 {[%emt 0:00:51]} h5 {[%emt 0:00:13]} 32. Qd2 {[%emt 0:00:33]} Re8 {[%emt 0:00:16]} 33. Rf6 {[%emt 0:00:20]} Rxe4 {[%emt 0:00:47]} 34. Rxd6 {[%emt 0:00:47]} Rxa4 {[%emt 0:00:10]} 35. Rd7 {[%emt 0:00:07]} Qf5 {[%emt 0:00:21]} 36. Ra7 {[%emt 0:00:35]} Ra1+ {[%emt 0:00:39]} 37. Kh2 {[%emt 0:00:02]} Qf3 {[%emt 0:00:07]} 38. Qd8+ {[%emt 0:00:34]} Kh7 {[%emt 0:00:05]} 0-1

[Event "FIDE Online Olympiad Div 2 Pool A 2020"]
[Site "Online"]
[Date "2020.08.15"]
[Round "6"]
[White "Stetsko, Lanita"]
[Black "Osmanodja, Filiz"]
[Result "1/2-1/2"]
[WhiteElo "1955"]
[BlackElo "2064"]
[Annotator "broadcasts"]
[PlyCount "121"]
[EventDate "2020.08.14"]
[EventType "team-tourn"]
[TimeControl "900+5"]

1. e4 {[%emt 0:00:03]} e5 {[%emt 0:00:03]} 2. Nf3 {[%emt 0:00:03]} Nc6 {[%emt 0:00:01]} 3. Bb5 {[%emt 0:00:14]} a6 {[%emt 0:00:01]} 4. Ba4 {[%emt 0:00:00]} Nf6 {[%emt 0:00:03]} 5. O-O {[%emt 0:00:05]} b5 {[%emt 0:00:03]} 6. Bb3 {[%emt 0:00:04]} Be7 {[%emt 0:00:03]} 7. Re1 {[%emt 0:00:34]} d6 {[%emt 0:00:07]} 8. c3 {[%emt 0:00:03]} O-O {[%emt 0:00:02]} 9. h3 {[%emt 0:00:02]} Nb8 {[%emt 0:00:02]} 10. d4 {[%emt 0:00:26]} Nbd7 {[%emt 0:00:02]} 11. Nbd2 {[%emt 0:00:08]} Bb7 {[%emt 0:00:01]} 12. Bc2 {[%emt 0:00:41]} Re8 {[%emt 0:00:02]} 13. a4 {[%emt 0:01:09]} Bf8 {[%emt 0:00:06]} 14. Bd3 {[%emt 0:00:06]} c6 {[%emt 0:01:53]} 15. b3 {[%emt 0:00:15]} g6 {[%emt 0:00:12]} 16. Bb2 {[%emt 0:00:29]} Bg7 {[%emt 0:00:14]} 17. Qc2 {[%emt 0:00:04]} Nh5 {[%emt 0:00:52]} 18. Bf1 {[%emt 0:02:02]} bxa4 {[%emt 0:00:41]} 19. Rxa4 {[%emt 0:00:19]} d5 {[%emt 0:00:19]} 20. exd5 {[%emt 0:01:30]} cxd5 {[%emt 0:00:18]} 21. dxe5 {[%emt 0:00:16]} Nxe5 {[%emt 0:00:03]} 22. Nxe5 {[%emt 0:00:09]} Bxe5 {[%emt 0:00:05]} 23. Nf3 {[%emt 0:00:01]} Bg7 {[%emt 0:01:27]} 24. Rxe8+ {[%emt 0:01:21]} Qxe8 {[%emt 0:00:00]} 25. Nd4 {[%emt 0:00:01]} Nf4 {[%emt 0:00:45]} 26. Bc1 {[%emt 0:00:11]} Ne6 {[%emt 0:00:45]} 27. Be3 {[%emt 0:00:01]} Nc5 {[%emt 0:00:40]} 28. Rb4 {[%emt 0:03:20]} Bc8 {[%emt 0:00:46]} 29. Ne2 {[%emt 0:01:57]} Bf5 {[%emt 0:00:15]} 30. Qd1 {[%emt 0:00:16]} Nd3 {[%emt 0:01:23]} 31. Rb6 {[%emt 0:00:08]} Ne5 {[%emt 0:03:35]} 32. Qxd5 {[%emt 0:01:06]} Be6 {[%emt 0:00:08]} 33. Qd1 {[%emt 0:00:23]} Nd7 {[%emt 0:00:43]} 34. Rd6 {[%emt 0:00:03]} Rb8 {[%emt 0:00:16]} 35. c4 {[%emt 0:00:04]} Be5 {[%emt 0:00:11]} 36. Rd2 {[%emt 0:00:03]} Nf6 {[%emt 0:00:39]} 37. Bd4 {[%emt 0:00:07]} Bf5 {[%emt 0:00:38]} 38. Bxe5 {[%emt 0:00:02]} Qxe5 {[%emt 0:00:00]} 39. Rd8+ {[%emt 0:00:01]} Rxd8 {[%emt 0:00:01]} 40. Qxd8+ {[%emt 0:00:01]} Kg7 {[%emt 0:00:00]} 41. Qd4 {[%emt 0:00:01]} Qxd4 {[%emt 0:00:37]} 42. Nxd4 {[%emt 0:00:02]} Be4 {[%emt 0:00:07]} 43. c5 {[%emt 0:00:02]} a5 {[%emt 0:00:09]} 44. c6 {[%emt 0:00:03]} Ne8 {[%emt 0:00:09]} 45. Be2 {[%emt 0:00:07]} Kf6 {[%emt 0:00:05]} 46. f3 {[%emt 0:00:04]} Bd5 {[%emt 0:00:02]} 47. Kf2 {[%emt 0:00:01]} Ke5 {[%emt 0:00:03]} 48. Ke3 {[%emt 0:00:02]} f5 {[%emt 0:00:01]} 49. g3 {[%emt 0:00:10]} Kd6 {[%emt 0:00:05]} 50. Bb5 {[%emt 0:00:14]} Nc7 {[%emt 0:00:02]} 51. Ba4 {[%emt 0:00:05]} Kc5 {[%emt 0:00:00]} 52. h4 {[%emt 0:00:03]} h5 {[%emt 0:00:12]} 53. Ne2 {[%emt 0:00:21]} Bxc6 {[%emt 0:00:10]} 54. Bxc6 {[%emt 0:00:03]} Kxc6 {[%emt 0:00:01]} 55. Nf4 {[%emt 0:00:01]} Nd5+ {[%emt 0:00:01]} 56. Nxd5 {[%emt 0:00:02]} Kxd5 {[%emt 0:00:00]} 57. Kd3 {[%emt 0:00:06]} Kc5 {[%emt 0:00:02]} 58. Kc3 {[%emt 0:00:06]} Kd5 {[%emt 0:00:02]} 59. Kd3 {[%emt 0:00:02]} Kc5 {[%emt 0:00:08]} 60. Kc3 {[%emt 0:00:01]} Kd5 {[%emt 0:00:02]} 61. Kd3 {[%emt 0:00:01]} 1/2-1/2

[Event "FIDE Online Olympiad Div 2 Pool A 2020"]
[Site "Online"]
[Date "2020.08.15"]
[Round "6"]
[White "Zarubitski, Viachaslau"]
[Black "Fridman, Daniel"]
[Result "0-1"]
[WhiteElo "1911"]
[BlackElo "2549"]
[Annotator "TA"]
[PlyCount "40"]
[EventDate "2020.08.14"]
[EventType "team-tourn"]

{[%evp 20,40,15,0,0,-109,-112,-120,-120,-356,-353,-692,-684,-683,-674,-733,-737,-737,-716,-735,-713,-710,-710]} 1. e4 e5 2. Nf3 Nf6 3. Nxe5 d6 4. Nf3 Nxe4 5. d4 d5 6. Bd3 Nc6 7. O-O Bg4 8. c3 f5 9. Re1 Be7 10. Nbd2 O-O 11. Nf1 Bd6 {C42: Petroff Defence: 3 Nxe5 and unusual White 3rd moves.} 12. Ne3 {[#]} (12. Be2 $11 {keeps the balance.}) 12... Bxh2+ $1 $17 {[%mdl 576] Pin} 13. Kf1 {[#] Black must now prevent Bxe4.} ({But not} 13. Kxh2 $2 Nxf2 14. Qd2 Nxd3 $19) (13. Nxh2 Bxd1) 13... Bf4 $1 {[#] Black is better.} 14. Nxd5 $146 (14. Qb3 $17) ({Predecessor:} 14. Ke2 Na5 15. Rh1 Qe7 16. Kf1 Bxe3 17. Bxe3 Ng3+ 18. fxg3 Qxe3 19. Qe2 Qxe2+ 20. Kxe2 {½-½ (27) Day,I-McKecnie,C USA 1897}) 14... Bxc1 $19 15. Bc4 $2 {[#]} (15. Qxc1 Qxd5 16. Nd2 Nxd2+ 17. Qxd2) 15... Nd2+ $1 {[%mdl 512] Black is clearly winning.} 16. Nxd2 Bxd1 17. Rxc1 Na5 18. Ne7+ Kh8 19. Rcxd1 Nxc4 20. Nxc4 Rf7 {White got outplayed after the opening. Accuracy: White = 32%, Black = 100%.} 0-1

[Event "FIDE Online Olympiad Div 2 Pool A 2020"]
[Site "Online"]
[Date "2020.08.15"]
[Round "6"]
[White "Tarasenka, Aliaksandra"]
[Black "Schneider, Jana"]
[Result "1/2-1/2"]
[WhiteElo "1810"]
[BlackElo "2258"]
[Annotator "broadcasts RC"]
[PlyCount "174"]
[EventDate "2020.08.14"]
[EventType "team-tourn"]
[TimeControl "900+5"]

1. e4 {[%emt 0:00:04]} e6 {[%emt 0:00:04]} 2. d4 {[%emt 0:00:05]} d5 {[%emt 0:00:01]} 3. Nc3 {[%emt 0:00:05]} Nf6 {[%emt 0:00:02]} 4. e5 {[%emt 0:00:04]} Nfd7 {[%emt 0:00:02]} 5. Nce2 {[%emt 0:00:15]} c5 {[%emt 0:00:05]} 6. c3 {[%emt 0:00:02]} Nc6 {[%emt 0:00:04]} 7. f4 {[%emt 0:00:03]} Be7 {[%emt 0:00:09]} 8. Nf3 {[%emt 0:00:07]} O-O {[%emt 0:00:03]} 9. g3 {[%emt 0:00:43]} cxd4 {[%emt 0:00:06]} 10. Nexd4 {[%emt 0:00:36]} Nc5 {[%emt 0:00:17]} 11. Bg2 {[%emt 0:00:35]} Bd7 {[%emt 0:02:58]} 12. O-O {[%emt 0:00:31]} Ne4 {[%emt 0:00:20]} 13. Be3 {[%emt 0:01:03]} Bc5 {[%emt 0:00:27]} 14. Qd3 {[%emt 0:01:14]} Rc8 {[%emt 0:01:17]} 15. Nb3 {[%emt 0:02:45]} Bb6 {[%emt 0:02:02]} 16. Kh1 {[%emt 0:02:06]} Na5 {[%emt 0:00:22]} 17. Nxa5 {[%emt 0:01:09]} Bxe3 {[%emt 0:00:04]} 18. Qxe3 {[%emt 0:00:28]} Qxa5 {[%emt 0:00:03]} 19. Nd4 {[%emt 0:00:16]} Qb6 {[%emt 0:00:38]} 20. Qe2 {[%emt 0:01:13]} Rfe8 {[%emt 0:02:48]} 21. Rad1 {[%emt 0:01:01]} Ba4 {[%emt 0:00:14]} 22. Rd3 {[%emt 0:00:50]} a6 {[%emt 0:00:33]} 23. Re3 {[%emt 0:00:17]} Red8 {[%emt 0:01:26]} 24. f5 {[%emt 0:00:32]} exf5 {[%emt 0:00:09]} 25. Rxf5 {[%emt 0:00:02]} Qg6 {[%emt 0:00:28]} 26. Rf4 {[%emt 0:00:21]} Nc5 {[%emt 0:00:16]} 27. Nf5 {[%emt 0:00:13]} Rc7 {[%emt 0:00:47]} 28. h4 {[%emt 0:00:28]} Bb5 {[%emt 0:00:05]} 29. Qf3 {[%emt 0:00:06]} h5 {[%emt 0:00:06]} 30. Nd4 {[%emt 0:00:03]} Ne4 {[%emt 0:00:21]} 31. Kh2 {[%emt 0:00:09]} Bd7 {[%emt 0:00:08]} 32. Qe2 {[%emt 0:00:07]} Bg4 {[%emt 0:00:03]} 33. Qd3 {[%emt 0:00:04]} Rcd7 {[%emt 0:00:39]} 34. Bxe4 {[%emt 0:00:03]} dxe4 {[%emt 0:00:00]} 35. Qxe4 {[%emt 0:00:02]} Qb6 {[%emt 0:00:11]} 36. Rf2 {[%emt 0:00:09]} g6 {[%emt 0:00:09]} 37. Qf4 {[%emt 0:00:03]} Re8 {[%emt 0:00:09]} 38. Qg5 {[%emt 0:00:05]} Kh7 {[%emt 0:00:03]} 39. b4 {[%emt 0:00:06]} Be6 {[%emt 0:00:03]} 40. Rf6 {[%emt 0:00:04]} Rxd4 {[%emt 0:00:05]} 41. cxd4 {[%emt 0:00:05]} Qxd4 {[%emt 0:00:01]} 42. Qf4 {[%emt 0:00:06]} Qd2+ {[%emt 0:00:20]} 43. Qf2 {[%emt 0:00:01]} Rd8 {[%emt 0:00:07]} 44. Re2 {[%emt 0:00:10]} Qd5 {[%emt 0:00:05]} 45. a3 {[%emt 0:00:05]} Qc4 {[%emt 0:00:01]} 46. Rf4 {[%emt 0:00:05]} Qb3 {[%emt 0:00:02]} 47. Qf3 {[%emt 0:00:07]} Rd3 {[%emt 0:00:07]} 48. Qf2 {[%emt 0:00:02]} Qd5 {[%emt 0:00:06]} 49. Re3 {[%emt 0:00:07]} Rd2 {[%emt 0:00:02]} 50. Re2 {[%emt 0:00:02]} Rd3 {[%emt 0:00:01]} 51. Rc2 {[%emt 0:00:09]} Rd1 {[%emt 0:00:02]} 52. Qg2 {[%emt 0:00:03]} Qb3 {[%emt 0:00:02]} 53. Rf3 {[%emt 0:00:08]} Qb1 {[%emt 0:00:03]} 54. Rcf2 {[%emt 0:00:04]} Bd5 {[%emt 0:00:05]} 55. Rxf7+ {[%emt 0:00:02]} Bxf7 {[%emt 0:00:01]} 56. Rxf7+ {[%emt 0:00:01]} Kh6 {[%emt 0:00:01]} 57. Qf2 {[%emt 0:00:06]} Rh1+ {[%emt 0:00:04]} 58. Kg2 {[%emt 0:00:02]} Qe4+ {[%emt 0:00:01]} 59. Qf3 {[%emt 0:00:09]} Re1 {[%emt 0:00:20]} 60. Qxe4 {[%emt 0:00:06]} Rxe4 {[%emt 0:00:01]} 61. Re7 {[%emt 0:00:05]} Re3 {[%emt 0:00:00]} 62. e6 {[%emt 0:00:04]} Rxa3 {[%emt 0:00:04]} 63. Rxb7 {[%emt 0:00:02]} Re3 {[%emt 0:00:02]} 64. e7 {[%emt 0:00:08]} Re4 {[%emt 0:00:06]} 65. Kf3 {[%emt 0:00:03]} Re1 {[%emt 0:00:02]} 66. Kf4 {[%emt 0:00:05]} Re6 {[%emt 0:00:02]} 67. g4 {[%emt 0:00:10]} hxg4 {[%emt 0:00:04]} 68. Kxg4 {[%emt 0:00:01]} Re4+ {[%emt 0:00:02]} 69. Kf3 {[%emt 0:00:02]} Re6 {[%emt 0:00:01]} 70. Kf4 {[%emt 0:00:06]} Re1 {[%emt 0:00:03]} 71. Rb6 {[%emt 0:00:12]} Rxe7 {[%emt 0:00:03]} 72. Rxa6 {[%emt 0:00:01]} Re1 {[%emt 0:00:04]} 73. Rb6 {[%emt 0:00:11]} Kh5 {[%emt 0:00:07]} 74. Rb8 {[%emt 0:00:03]} Rf1+ {[%emt 0:00:11]} 75. Kg3 {[%emt 0:00:04]} Rg1+ {[%emt 0:00:02]} 76. Kf2 {[%emt 0:00:04]} Rb1 {[%emt 0:00:02]} 77. Kg3 {[%emt 0:00:04]} Rg1+ {[%emt 0:00:05]} 78. Kf2 {[%emt 0:00:05]} Rb1 {[%emt 0:00:01]} 79. b5 {[%emt 0:00:03]} Kxh4 {[%emt 0:00:03]} 80. b6 {[%emt 0:00:04]} Kg4 {[%emt 0:00:02]} 81. Ke3 {[%emt 0:00:11]} Rb4 {[%emt 0:00:05]} 82. Kd3 {[%emt 0:00:06]} g5 {[%emt 0:00:01]} 83. Kc3 {[%emt 0:00:01]} Rb1 {[%emt 0:00:02]} 84. b7 {[%emt 0:00:05]} Kg3 {[%emt 0:00:03]} 85. Kc2 {[%emt 0:00:09]} Rb6 {[%emt 0:00:02]} 86. Rg8 {[%emt 0:00:05]} Rxb7 {[%emt 0:00:03]} 87. Rxg5+ {[%emt 0:00:01]} Kf4 {[%emt 0:00:02]} 1/2-1/2